[Event "Sharjah IM"]
[Site "Sharjah"]
[Date "2003.08.28"]
[Round "2"]
[White "Ali, Hassan"]
[Black "Hassan, Abdullah"]
[Result "0-1"]
[WhiteElo "2097"]
[BlackElo "2321"]
[PlyCount "40"]
[EventDate "2003.08.27"]
[EventType "tourn"]
[EventRounds "11"]
[EventCountry "UAE"]
[EventCategory "4"]
[SourceTitle "EXT 2004"]
[Source "ChessBase"]
[SourceDate "2003.11.25"]
[SourceVersion "1"]
[SourceVersionDate "2003.11.25"]
[SourceQuality "1"]

1. e4 e6 2. d3 d5 3. Nd2 Nf6 4. g3 b6 5. Bg2 Bb7 6. e5 Nfd7 7. d4 c5 8. c3 Nc6 9. Ne2 Be7 10. 0-0 b5 11. f4 b4 12. Nf3 0-0 13. Be3 bxc3 14. bxc3 cxd4 15. cxd4 Ba6 16. Rf2 Nb6 17. Ne1 Nc4 18. Bc1 Qb6 19. f5 N4xe5 20. Qb3 Ng4 0-1